Les Tortues Ninja - Le Quiz - Statistiques

Statistiques générales
  • Ce quiz a été pris 760 fois
    618 depuis la dernière actualisation
  • Le résultat moyen est 15 sur 26
Statistiques - réponses
Indice Réponse % Correct
Le génie Donatello
91%
L'impulsif Raphaël
91%
Couleur du bandana Bleu
87%
Le Leader Leonardo
87%
Couleur du bandana Rouge
87%
Repas préféré des Tortues La pizza
85%
Couleur du bandana Violet
84%
Couleur du bandana Orange
82%
Où vivent les Tortues ? Dans les égouts
76%
Le rigolo Michelangelo
76%
Arme Ninjatō
73%
Arme
68%
Maître des Tortues Maître Splinter
68%
Ville où se déroulent lesaventures New York
68%
Arme Nunchaku
57%
Jeune femme rousse April O'Neil
54%
L'ennemi juré des Tortues Shredder
49%
Arme Saï
39%
Le clan qu'il dirige Clan des Foot
34%
Année de 1ère publication 1984
31%
Le cerveau à tentacules Krang
31%
Justicier au masque de hockey Casey Jones
25%
L'homme-rhinocéros Rocksteady
19%
L'homme-sanglier Bebop
18%
Son véritable nom Hamato Yoshi
17%
Son véritable nom Oroku Saki
13%
Aucun quiz correspondant
Distribution des résultats
% des personnes avec chaque résultat
Percentile par nombre de réponses
Votre historique - résultats
Vous n’avez pas pris ce quiz depuis la dernière actualisation